[Event "European Senior Team Chess Championship "]
[Site "Hotel AIRO Vienna, Kurbadstr. "]
[Date "2015.07.17"]
[Round "6"]
[White "Isserman, Ryhor"]
[Black "Kozlovskaya, Valentina"]
[Result "1/2-1/2"]
[WhiteElo "2305"]
[BlackElo "2223"]
[PlyCount "47"]
[EventDate "2015.07.12"]
[EventType "team"]
[EventRounds "9"]
[EventCountry "AUT"]
[WhiteTeam "Hessen 1"]
[BlackTeam "Russia Women"]

1. e4 c5 2. Nc3 Nc6 3. Nf3 a6 4. d4 cxd4 5. Nxd4 d6 6. Bc4 e6 7. Be3 Nf6 8. Qe2
Be7 9. Bb3 O-O 10. O-O-O Qc7 11. g4 b5 12. g5 Ne8 13. Nxc6 Qxc6 14. Nd5 Qb7 15.
Nb6 Rb8 16. Nxc8 Rxc8 17. f3 a5 18. a3 a4 19. Ba2 b4 20. axb4 Qxb4 21. Rd4 Qa5
22. Qd2 Qa6 23. Qd3 Qa5 24. Qd2 1/2-1/2

[Event "European Senior Team Chess Championship "]
[Site "Hotel AIRO Vienna, Kurbadstr. "]
[Date "2015.07.17"]
[Round "6"]
[White "Fatalibekova, Elena"]
[Black "Kierzek, Matthias"]
[Result "1/2-1/2"]
[WhiteElo "2213"]
[BlackElo "2270"]
[PlyCount "31"]
[EventDate "2015.07.12"]
[EventType "team"]
[EventRounds "9"]
[EventCountry "AUT"]
[WhiteTeam "Russia Women"]
[BlackTeam "Hessen 1"]

1. c4 c6 2. d4 d5 3. Nf3 Nf6 4. cxd5 cxd5 5. Nc3 Nc6 6. Bf4 Bf5 7. e3 e6 8. Bb5
Bb4 9. O-O O-O 10. Bxc6 bxc6 11. Na4 Nd7 12. Rc1 Rc8 13. Ne5 Nxe5 14. Bxe5 Bd6
15. Bxd6 Qxd6 16. Nc5 1/2-1/2

[Event "European Senior Team Chess Championship "]
[Site "Hotel AIRO Vienna, Kurbadstr. "]
[Date "2015.07.17"]
[Round "6"]
[White "Haubt, Georg"]
[Black "Saunina, Ludmila"]
[Result "1/2-1/2"]
[WhiteElo "2193"]
[BlackElo "2157"]
[PlyCount "51"]
[EventDate "2015.07.12"]
[EventType "team"]
[EventRounds "9"]
[EventCountry "AUT"]
[WhiteTeam "Hessen 1"]
[BlackTeam "Russia Women"]

1. d4 Nf6 2. Bg5 d5 3. Nc3 c5 4. Bxf6 gxf6 5. e4 dxe4 6. dxc5 f5 7. Qh5 Bg7 8.
Bb5+ Nc6 9. Nge2 e6 10. g4 Qf6 11. gxf5 Qxf5 12. Qh4 Bf6 13. Qg3 Be5 14. Qe3
Qf3 15. Qxf3 exf3 16. Ng1 Bxc3+ 17. bxc3 Bd7 18. Nxf3 Rc8 19. O-O-O Rg8 20.
Rhg1 Ke7 21. Bd3 f5 22. Nd4 Ne5 23. Nb3 Bc6 24. Rg3 Rg6 25. Be2 Bd5 26. f4
1/2-1/2

[Event "European Senior Team Chess Championship "]
[Site "Hotel AIRO Vienna, Kurbadstr. "]
[Date "2015.07.17"]
[Round "6"]
[White "Ackermann, Hans Werner"]
[Black "Boehnisch, Manfred"]
[Result "1/2-1/2"]
[WhiteElo "2297"]
[BlackElo "2284"]
[PlyCount "75"]
[EventDate "2015.07.12"]
[EventType "team"]
[EventRounds "9"]
[EventCountry "AUT"]
[WhiteTeam "Germany"]
[BlackTeam "Schachfreunde Leipzig"]

1. Nf3 Nf6 2. b3 b6 3. Bb2 Bb7 4. e3 e6 5. c4 c5 6. Be2 Be7 7. O-O O-O 8. d4 d5
9. cxd5 Nxd5 10. Nc3 Nxc3 11. Bxc3 Bf6 12. Rc1 Nd7 13. b4 cxd4 14. Nxd4 a5 15.
b5 Nc5 16. Nc6 Bxc6 17. bxc6 Bxc3 18. Rxc3 Qc7 19. Qc2 Rad8 20. Bf3 Rd6 21. Rd1
Rfd8 22. Rxd6 Qxd6 23. g3 g6 24. Qb1 Qc7 25. Qb5 e5 26. Rxc5 bxc5 27. Qxc5 Kg7
28. Bd5 Rb8 29. Kg2 Rc8 30. h4 h5 31. e4 Kf6 32. Qc3 Kg7 33. Qc5 Kf6 34. Qc1
Kg7 35. Qb2 Rb8 36. Qc3 Rc8 37. Qc1 Rb8 38. Qc3 1/2-1/2

[Event "European Senior Team Chess Championship "]
[Site "Hotel AIRO Vienna, Kurbadstr. "]
[Date "2015.07.17"]
[Round "6"]
[White "Schoeneberg, Manfred"]
[Black "Bartsch, Berthold"]
[Result "1/2-1/2"]
[WhiteElo "2238"]
[BlackElo "2316"]
[PlyCount "59"]
[EventDate "2015.07.12"]
[EventType "team"]
[EventRounds "9"]
[EventCountry "AUT"]
[WhiteTeam "Schachfreunde Leipzig"]
[BlackTeam "Germany"]

1. e4 c5 2. Nf3 Nf6 3. Nc3 e6 4. d4 d5 5. exd5 Nxd5 6. Bb5+ Nc6 7. O-O Nxc3 8.
bxc3 Be7 9. Ne5 Bd7 10. Nxd7 Qxd7 11. Be3 cxd4 12. cxd4 O-O 13. c4 Rfd8 14. Rc1
Bf6 15. d5 exd5 16. cxd5 Qxd5 17. Qxd5 Rxd5 18. Bxc6 bxc6 19. Rxc6 Ra5 20. Rfc1
h6 21. R1c2 Kh7 22. g3 a6 23. Rc7 Kg6 24. Rb7 Rd8 25. Kg2 Rd3 26. Rb3 Rxb3 27.
axb3 Rb5 28. Rc6 a5 29. Rc5 Rxb3 30. Rxa5 1/2-1/2

[Event "European Senior Team Chess Championship "]
[Site "Hotel AIRO Vienna, Kurbadstr. "]
[Date "2015.07.17"]
[Round "6"]
[White "Baum, Bernd"]
[Black "Pruefer, Friedbert"]
[Result "0-1"]
[WhiteElo "2264"]
[BlackElo "2224"]
[PlyCount "50"]
[EventDate "2015.07.12"]
[EventType "team"]
[EventRounds "9"]
[EventCountry "AUT"]
[WhiteTeam "Germany"]
[BlackTeam "Schachfreunde Leipzig"]

1. e4 d6 2. d4 Nf6 3. Nc3 g6 4. g3 Bg7 5. Bg2 O-O 6. Nge2 e5 7. h3 Nc6 8. Be3
exd4 9. Nxd4 Bd7 10. O-O Re8 11. Nde2 b5 12. a3 a5 13. f3 Rb8 14. Nf4 b4 15.
axb4 axb4 16. Nce2 Ne5 17. b3 Bb5 18. Ra7 Nc6 19. Ra2 d5 20. Nd3 dxe4 21. fxe4
Nxe4 22. Bf4 Nd4 23. Re1 Nxe2+ 24. Qxe2 Nc3 25. Qxe8+ Bxe8 0-1

[Event "European Senior Team Chess Championship "]
[Site "Hotel AIRO Vienna, Kurbadstr. "]
[Date "2015.07.17"]
[Round "6"]
[White "Beltz, Robert"]
[Black "Clemens, Christian"]
[Result "1-0"]
[WhiteElo "2160"]
[BlackElo "2280"]
[PlyCount "103"]
[EventDate "2015.07.12"]
[EventType "team"]
[EventRounds "9"]
[EventCountry "AUT"]
[WhiteTeam "Schachfreunde Leipzig"]
[BlackTeam "Germany"]

1. e4 d5 2. exd5 Nf6 3. d4 Nxd5 4. Nf3 Bg4 5. Be2 e6 6. O-O Be7 7. c4 Nb6 8.
Nc3 O-O 9. h3 Bh5 10. Be3 Nc6 11. b3 Bb4 12. Qc2 f5 13. d5 Bxc3 14. Qxc3 exd5
15. Bxb6 axb6 16. cxd5 Ne7 17. Bc4 Bf7 18. d6 Qxd6 19. Rad1 Bd5 20. Rfe1 c6 21.
Qe3 b5 22. Qxe7 Qxe7 23. Bxd5+ Qf7 24. Bxf7+ Rxf7 25. Ng5 Rc7 26. Ne6 Re7 27.
Nc5 Rf7 28. Rd2 g6 29. f4 Rc7 30. Red1 Re7 31. Kf2 Kf7 32. Kf3 Kg7 33. g4 fxg4+
34. hxg4 Kf7 35. Nd3 Kg7 36. Ne5 Kf8 37. g5 Ke8 38. b4 Kf8 39. Rd8+ Re8 40.
Rxe8+ Kxe8 41. Rd7 Ra3+ 42. Kg4 Rxa2 43. Rxh7 Rb2 44. Rxb7 Rxb4 45. Nxc6 Rb1
46. Ne5 b4 47. Nxg6 b3 48. Kf5 Kd8 49. Ne5 Kc8 50. Rb4 Kc7 51. g6 Kd6 52. g7
1-0

[Event "European Senior Team Chess Championship "]
[Site "Hotel AIRO Vienna, Kurbadstr. "]
[Date "2015.07.18"]
[Round "7"]
[White "Faibisovich, Vadim Z"]
[Black "Garcia Palermo, Carlos"]
[Result "1/2-1/2"]
[WhiteElo "2347"]
[BlackElo "2442"]
[PlyCount "88"]
[EventDate "2015.07.12"]
[EventType "team"]
[EventRounds "9"]
[EventCountry "AUT"]
[WhiteTeam "Sankt Petersburg"]
[BlackTeam "Italy"]

1. e4 e5 2. Nf3 Nc6 3. Bb5 Nf6 4. O-O Nxe4 5. d4 Nd6 6. Bxc6 dxc6 7. dxe5 Nf5
8. Qxd8+ Kxd8 9. Nc3 Ke8 10. Bf4 Be6 11. Rad1 Bb4 12. Bd2 Rd8 13. a3 Bxc3 14.
Bxc3 Bd5 15. Nd4 Be4 16. Nxf5 Bxf5 17. Rxd8+ Kxd8 18. Rc1 Ke7 19. f4 b6 20. Kf2
h5 21. Ke3 Ke6 22. Be1 Rd8 23. Bf2 c5 24. h3 Rd4 25. c3 Rd3+ 26. Ke2 c4 27. Rg1
Rd5 28. g4 hxg4 29. hxg4 Bd3+ 30. Ke3 g5 31. f5+ Kxe5 32. Bg3+ Kf6 33. Bxc7 Bc2
34. Bg3 Rd3+ 35. Ke2 Bd1+ 36. Rxd1 Rxg3 37. Rd4 Rg2+ 38. Kf3 Rxb2 39. Rxc4 Ra2
40. a4 Ke5 41. Re4+ Kd5 42. Rd4+ Ke5 43. Re4+ Kd5 44. Rd4+ Ke5 1/2-1/2

[Event "European Senior Team Chess Championship "]
[Site "Hotel AIRO Vienna, Kurbadstr. "]
[Date "2015.07.18"]
[Round "7"]
[White "Karasev, Vladimir I"]
[Black "Micheli, Carlo"]
[Result "1-0"]
[WhiteElo "2326"]
[BlackElo "2309"]
[PlyCount "40"]
[EventDate "2015.07.12"]
[EventType "team"]
[EventRounds "9"]
[EventCountry "AUT"]
[WhiteTeam "Sankt Petersburg"]
[BlackTeam "Italy"]

1. e4 c5 2. Nf3 e6 3. d4 cxd4 4. Nxd4 a6 5. Nc3 Qc7 6. Bd3 Nf6 7. O-O Be7 8.
Qe2 d6 9. Kh1 Nbd7 10. f4 b5 11. Bd2 Bb7 12. Rae1 g6 13. e5 dxe5 14. fxe5 Nh5
15. Be4 b4 16. Bxb7 Qxb7 17. Ne4 Nxe5 18. Ng5 Bd6 19. Nxf7 Qxf7 20. Rxf7 Kxf7
1-0

[Event "European Senior Team Chess Championship "]
[Site "Hotel AIRO Vienna, Kurbadstr. "]
[Date "2015.07.18"]
[Round "7"]
[White "Albano, Marco"]
[Black "Turikov, Viktor"]
[Result "1/2-1/2"]
[WhiteElo "2292"]
[BlackElo "2233"]
[PlyCount "84"]
[EventDate "2015.07.12"]
[EventType "team"]
[EventRounds "9"]
[EventCountry "AUT"]
[WhiteTeam "Italy"]
[BlackTeam "Sankt Petersburg"]

1. e4 d6 2. d4 Nf6 3. Nc3 c6 4. Bg5 h6 5. Bxf6 exf6 6. Qd2 g6 7. f4 Bg7 8. Nf3
O-O 9. Bd3 Re8 10. O-O b6 11. Ne2 d5 12. e5 f5 13. c4 Be6 14. b3 Nd7 15. Nc3 a6
16. a4 Bf8 17. cxd5 Bxd5 18. Nxd5 cxd5 19. Rfc1 Qb8 20. Qe2 Qb7 21. Rc2 Rec8
22. e6 Rxc2 23. exf7+ Kxf7 24. Qxc2 Nf6 25. Rc1 Ra7 26. Ne5+ Kg7 27. Bxf5 gxf5
28. Qxf5 Qe7 29. Rc8 Ng8 30. Qg4+ Kh7 31. Qg6+ Kh8 32. Qf5 Kg7 33. Rc6 Qb4 34.
h3 Qxd4+ 35. Kh2 Bc5 36. Rg6+ Kh8 37. Nf7+ Rxf7 38. Qxf7 Qg1+ 39. Kg3 Qe1+ 40.
Kg4 Qe2+ 41. Kg3 Qe1+ 42. Kg4 Qe2+ 1/2-1/2

[Event "European Senior Team Chess Championship "]
[Site "Hotel AIRO Vienna, Kurbadstr. "]
[Date "2015.07.18"]
[Round "7"]
[White "Vasiukov, Evgeni"]
[Black "Strutinskaia, Galina"]
[Result "1-0"]
[WhiteElo "2401"]
[BlackElo "2213"]
[PlyCount "91"]
[EventDate "2015.07.12"]
[EventType "team"]
[EventRounds "9"]
[EventCountry "AUT"]
[WhiteTeam "Russia 1"]
[BlackTeam "Russia Women"]

1. e4 c5 2. Nf3 d6 3. c3 Nf6 4. Bd3 Nc6 5. Bc2 Bg4 6. h3 Bxf3 7. Qxf3 g6 8. d3
Bg7 9. Nd2 b5 10. O-O O-O 11. Qe2 e6 12. Nf3 Qc7 13. Be3 Rab8 14. Rac1 Rfc8 15.
d4 Nd7 16. Rfd1 Ne7 17. Qd2 c4 18. Bg5 Re8 19. a4 a6 20. Ra1 Nb6 21. axb5 axb5
22. Nh2 f6 23. Be3 f5 24. Bh6 Bf6 25. Bg5 Bg7 26. Re1 Nc6 27. d5 Ne5 28. dxe6
fxe4 29. Rxe4 Rxe6 30. f4 h6 31. fxe5 hxg5 32. Qxg5 Qc5+ 33. Kh1 Nd7 34. Qg4
Rbe8 35. Ra8 Nf8 36. Rxe8 Rxe8 37. exd6 Ra8 38. Qd1 Rd8 39. Nf3 Rxd6 40. Qe1
Ra6 41. Re8 Qa7 42. Qg3 Kf7 43. Qb8 Ra1+ 44. Kh2 Bh6 45. Kg3 Nd7 46. Qd8 1-0

[Event "European Senior Team Chess Championship "]
[Site "Hotel AIRO Vienna, Kurbadstr. "]
[Date "2015.07.18"]
[Round "7"]
[White "Mednikova, Svetlana"]
[Black "Balashov, Yuri S"]
[Result "0-1"]
[WhiteElo "2190"]
[BlackElo "2437"]
[PlyCount "126"]
[EventDate "2015.07.12"]
[EventType "team"]
[EventRounds "9"]
[EventCountry "AUT"]
[WhiteTeam "Russia Women"]
[BlackTeam "Russia 1"]

1. e4 c5 2. Nf3 e6 3. c3 d5 4. exd5 exd5 5. d4 Nc6 6. Be3 cxd4 7. Nxd4 Bd6 8.
Bd3 Nf6 9. Nf5 Bxf5 10. Bxf5 Qe7 11. g3 g6 12. Bh3 Bc5 13. Qe2 Bxe3 14. Qxe3
Qxe3+ 15. fxe3 O-O 16. Nd2 Rfe8 17. O-O Kg7 18. Rae1 Re7 19. Bg2 Rae8 20. c4 d4
21. e4 Ng4 22. h3 Ne3 23. Rf2 Nb4 24. Bf1 Nxf1 25. Rexf1 Nd3 26. Rf3 Nxb2 27.
Rb3 Na4 28. Ra3 b5 29. cxb5 Nc3 30. Ra5 Rd7 31. Kg2 Nxe4 32. Nxe4 Rxe4 33. Rf2
h5 34. Ra3 d3 35. Rd2 Rb4 36. Raxd3 Rxd3 37. Rxd3 Rxb5 38. Kf3 Ra5 39. a3 Ra4
40. Ke3 g5 41. Rc3 g4 42. hxg4 hxg4 43. Kd3 f5 44. Ke3 Kf6 45. Rb3 a6 46. Rc3
Ke6 47. Kd3 Kd5 48. Ke3 Re4+ 49. Kd3 a5 50. Rb3 Kc5 51. Rb8 Ra4 52. Rc8+ Kd5
53. Rc3 Rd4+ 54. Ke3 Rc4 55. Rd3+ Kc5 56. Ke2 Re4+ 57. Kf2 Kc4 58. Rd8 Re5 59.
Rb8 Rb5 60. Rc8+ Kb3 61. Ke3 Kxa3 62. Kf4 a4 63. Re8 Kb4 0-1

[Event "European Senior Team Chess Championship "]
[Site "Hotel AIRO Vienna, Kurbadstr. "]
[Date "2015.07.18"]
[Round "7"]
[White "Zhelnin, Vladimir V"]
[Black "Kozlovskaya, Valentina"]
[Result "1-0"]
[WhiteElo "2473"]
[BlackElo "2223"]
[PlyCount "81"]
[EventDate "2015.07.12"]
[EventType "team"]
[EventRounds "9"]
[EventCountry "AUT"]
[WhiteTeam "Russia 1"]
[BlackTeam "Russia Women"]

1. e4 c5 2. Nf3 a6 3. c3 d5 4. exd5 Qxd5 5. d4 e6 6. Be2 cxd4 7. cxd4 Nf6 8.
Nc3 Qa5 9. O-O Nbd7 10. Bf4 Be7 11. a3 O-O 12. b4 Qd8 13. Rc1 Nb6 14. Qb3 Nbd5
15. Be5 b5 16. Bxf6 Nxf6 17. Ne5 Bb7 18. Rfd1 Rc8 19. Bf3 Bxf3 20. Nxf3 Bd6 21.
g3 Qb6 22. Rc2 Rc7 23. Rdc1 h6 24. Nd1 Qb7 25. Rxc7 Bxc7 26. Qc3 Bb6 27. Qc6
Qa7 28. Ne3 Rd8 29. a4 bxa4 30. Qxa4 Bxd4 31. Nxd4 Rxd4 32. Rc8+ Kh7 33. Qc2+
Ne4 34. Rc7 Qb6 35. Rxf7 Rxb4 36. Rf4 Qd4 37. Kg2 e5 38. Rf7 Qd2 39. Qc7 Ng5
40. Rxg7+ Kh8 41. Rd7 1-0

[Event "European Senior Team Chess Championship "]
[Site "Hotel AIRO Vienna, Kurbadstr. "]
[Date "2015.07.18"]
[Round "7"]
[White "Saunina, Ludmila"]
[Black "Pushkov, Nikolai"]
[Result "0-1"]
[WhiteElo "2157"]
[BlackElo "2301"]
[PlyCount "102"]
[EventDate "2015.07.12"]
[EventType "team"]
[EventRounds "9"]
[EventCountry "AUT"]
[WhiteTeam "Russia Women"]
[BlackTeam "Russia 1"]

1. d4 Nf6 2. c4 e6 3. Nf3 b6 4. a3 Bb7 5. Nc3 g6 6. d5 Bg7 7. Bg5 h6 8. Bh4
exd5 9. cxd5 d6 10. e3 O-O 11. h3 Nbd7 12. Be2 g5 13. Bg3 Nc5 14. Bh2 Nfe4 15.
Nxe4 Nxe4 16. Qb3 Qf6 17. Rb1 h5 18. Qd3 Rfe8 19. O-O Qf5 20. Rbd1 Bxb2 21. Qc2
Qf6 22. Nd4 Bxd4 23. Rxd4 Nc5 24. Bxh5 Ba6 25. Rfd1 Bb5 26. Bg3 Bd7 27. h4 Bf5
28. Qe2 Ne4 29. Qf3 gxh4 30. Bxh4 Qe5 31. Bxf7+ Kxf7 32. g4 Rg8 33. g5 Kg6 34.
Rc1 Rh8 35. Bg3 Qe7 36. Rcc4 Rae8 37. Bf4 b5 38. Rb4 a5 39. Rb2 Nc3 40. Qg2 Qf7
41. f3 Nxd5 42. Kf2 c5 43. Rd1 Nxf4 44. exf4 Qe6 45. Rh1 b4 46. Rh6+ Rxh6 47.
gxh6+ Kxh6 48. Qg5+ Kh7 49. Kg3 Qg6 50. Rh2+ Kg7 51. axb4 axb4 0-1

[Event "European Senior Team Chess Championship "]
[Site "Hotel AIRO Vienna, Kurbadstr. "]
[Date "2015.07.18"]
[Round "7"]
[White "Danner, Georg"]
[Black "Zilberman, Yaacov"]
[Result "1/2-1/2"]
[WhiteElo "2389"]
[BlackElo "2383"]
[PlyCount "40"]
[EventDate "2015.07.12"]
[EventType "team"]
[EventRounds "9"]
[EventCountry "AUT"]
[WhiteTeam "Austria 1"]
[BlackTeam "Israel"]

1. d4 Nf6 2. c4 e6 3. Nf3 d5 4. Bg5 Nbd7 5. e3 c6 6. cxd5 exd5 7. Nc3 Be7 8.
Bd3 Nf8 9. O-O Ne6 10. Bh4 g6 11. Rb1 a5 12. a3 Ng7 13. b4 axb4 14. axb4 Bf5
15. b5 Ra3 16. Bxf5 Nxf5 17. Bxf6 Bxf6 18. Rb3 Ra5 19. bxc6 bxc6 20. Qd3 O-O
1/2-1/2

[Event "European Senior Team Chess Championship "]
[Site "Hotel AIRO Vienna, Kurbadstr. "]
[Date "2015.07.18"]
[Round "7"]
[White "Birnboim, Nathan"]
[Black "Petschar, Kurt"]
[Result "1-0"]
[WhiteElo "2358"]
[BlackElo "2266"]
[PlyCount "92"]
[EventDate "2015.07.12"]
[EventType "team"]
[EventRounds "9"]
[EventCountry "AUT"]
[WhiteTeam "Israel"]
[BlackTeam "Austria 1"]

1. d4 d5 2. c4 e6 3. Nf3 c5 4. cxd5 exd5 5. g3 Nc6 6. Bg2 Nf6 7. O-O Be7 8. b3
O-O 9. Bb2 Re8 10. Nc3 Bg4 11. dxc5 Bxc5 12. Rc1 Rc8 13. Na4 Bf8 14. h3 Bf5 15.
e3 Ne4 16. Nd4 Bd7 17. Nc3 Nf6 18. Nxd5 Nxd5 19. Bxd5 Nb4 20. Bg2 Rxc1 21. Qxc1
Nd3 22. Qd2 Nxb2 23. Qxb2 Qa5 24. Kh2 b5 25. Bc6 Bxc6 26. Nxc6 Qc7 27. Rc1 g6
28. Qd4 Re6 29. Qxa7 Qd6 30. Nd4 Rf6 31. Rc2 h5 32. h4 b4 33. Qa8 Kg7 34. Qe4
Qa6 35. Kg2 Bd6 36. Qd5 Bf8 37. Nf3 Qa7 38. Qd4 Qa8 39. e4 Be7 40. Ng5 Kg8 41.
Qd7 Bf8 42. Qd5 Qa7 43. e5 Ra6 44. e6 fxe6 45. Nxe6 Qf7 46. Re2 Rd6 1-0

[Event "European Senior Team Chess Championship "]
[Site "Hotel AIRO Vienna, Kurbadstr. "]
[Date "2015.07.18"]
[Round "7"]
[White "Janetschek, Karl"]
[Black "Maryasin, Boris"]
[Result "0-1"]
[WhiteElo "2231"]
[BlackElo "2332"]
[PlyCount "69"]
[EventDate "2015.07.12"]
[EventType "team"]
[EventRounds "9"]
[EventCountry "AUT"]
[WhiteTeam "Austria 1"]
[BlackTeam "Israel"]

1. e4 c5 2. Nf3 Nc6 3. d4 cxd4 4. Nxd4 Qb6 5. Nb3 Nf6 6. Nc3 e6 7. Bd3 a6 8.
O-O Qc7 9. Qe2 b5 10. Bg5 Be7 11. Bh4 d6 12. a4 b4 13. Nb1 Ne5 14. N1d2 Bb7 15.
Bg3 O-O 16. f4 Nxd3 17. cxd3 Rac8 18. Rfc1 Qb8 19. a5 Nd7 20. Bf2 Rxc1+ 21.
Rxc1 Rc8 22. Rc4 d5 23. Rxc8+ Qxc8 24. e5 Qc2 25. Bd4 Bc6 26. Kf2 Bb5 27. Ke3
Ba4 28. Na1 Qc1 29. Qf1 Qc7 30. Nab3 Bxb3 31. Nxb3 Qc2 32. Qc1 Qxb3 33. Qc8+
Nf8 34. Qe8 Qd1 35. Qxe7 0-1

[Event "European Senior Team Chess Championship "]
[Site "Hotel AIRO Vienna, Kurbadstr. "]
[Date "2015.07.18"]
[Round "7"]
[White "Lederman, Leon"]
[Black "Singer, Hans"]
[Result "1/2-1/2"]
[WhiteElo "2263"]
[BlackElo "2165"]
[PlyCount "56"]
[EventDate "2015.07.12"]
[EventType "team"]
[EventRounds "9"]
[EventCountry "AUT"]
[WhiteTeam "Israel"]
[BlackTeam "Austria 1"]

1. e4 e5 2. Nf3 Nc6 3. Bb5 Bc5 4. O-O Nd4 5. Nxd4 Bxd4 6. c3 Bb6 7. d4 c6 8.
Ba4 d6 9. Qd3 Qf6 10. Be3 Ne7 11. Nd2 exd4 12. Bxd4 Bxd4 13. cxd4 O-O 14. Bc2
Qh6 15. Rad1 d5 16. f3 Be6 17. Qa3 Ng6 18. g3 dxe4 19. fxe4 Rad8 20. Nf3 Bg4
21. Rf2 Qh5 22. Rdd2 Rd7 23. Bd1 b6 24. Qc3 c5 25. dxc5 Qxc5 26. Qxc5 bxc5 27.
Rxd7 Bxd7 28. Rc2 Rc8 1/2-1/2

[Event "European Senior Team Chess Championship "]
[Site "Hotel AIRO Vienna, Kurbadstr. "]
[Date "2015.07.18"]
[Round "7"]
[White "Boehnisch, Manfred"]
[Black "Stebbings, Anthony J"]
[Result "1/2-1/2"]
[WhiteElo "2284"]
[BlackElo "2312"]
[PlyCount "78"]
[EventDate "2015.07.12"]
[EventType "team"]
[EventRounds "9"]
[EventCountry "AUT"]
[WhiteTeam "Schachfreunde Leipzig"]
[BlackTeam "England 1"]

1. e4 c5 2. Nf3 e6 3. c3 Nf6 4. e5 Nd5 5. d4 cxd4 6. cxd4 d6 7. Bc4 Nc6 8. O-O
Be7 9. Qe2 O-O 10. Nc3 Nxc3 11. bxc3 dxe5 12. dxe5 Qc7 13. Qe4 Bd7 14. Re1 Rfd8
15. Bg5 Be8 16. Bd3 g6 17. Bf6 Rd5 18. c4 Rd7 19. Re3 Qd8 20. Bxe7 Qxe7 21. Bf1
Rad8 22. h4 Nd4 23. h5 Nxf3+ 24. Rxf3 Rd4 25. Qe3 Qh4 26. hxg6 hxg6 27. Re1 Bc6
28. Rh3 Qf4 29. Qxf4 Rxf4 30. Rd3 Rxd3 31. Bxd3 Rd4 32. Re3 Kf8 33. g3 Ke7 34.
Kf1 Kd8 35. Ke2 Kc7 36. Kd2 Kb6 37. Kc3 Kc5 38. Re2 a5 39. f4 Rd7 1/2-1/2

[Event "European Senior Team Chess Championship "]
[Site "Hotel AIRO Vienna, Kurbadstr. "]
[Date "2015.07.18"]
[Round "7"]
[White "James, Geoffrey H"]
[Black "Schoeneberg, Manfred"]
[Result "1/2-1/2"]
[WhiteElo "2166"]
[BlackElo "2238"]
[PlyCount "32"]
[EventDate "2015.07.12"]
[EventType "team"]
[EventRounds "9"]
[EventCountry "AUT"]
[WhiteTeam "England 1"]
[BlackTeam "Schachfreunde Leipzig"]

1. c4 d6 2. Nc3 c5 3. g3 g6 4. Bg2 Bg7 5. Nf3 Nc6 6. O-O e5 7. d3 Nge7 8. a3
O-O 9. Rb1 a5 10. Bd2 h6 11. Ne1 Be6 12. Nd5 Rb8 13. Nxe7+ Nxe7 14. b4 axb4 15.
axb4 b6 16. bxc5 bxc5 1/2-1/2

[Event "European Senior Team Chess Championship "]
[Site "Hotel AIRO Vienna, Kurbadstr. "]
[Date "2015.07.18"]
[Round "7"]
[White "Pruefer, Friedbert"]
[Black "Stokes, Michael"]
[Result "1/2-1/2"]
[WhiteElo "2224"]
[BlackElo "2161"]
[PlyCount "63"]
[EventDate "2015.07.12"]
[EventType "team"]
[EventRounds "9"]
[EventCountry "AUT"]
[WhiteTeam "Schachfreunde Leipzig"]
[BlackTeam "England 1"]

1. d4 Nf6 2. c4 g6 3. Nc3 Bg7 4. e4 d6 5. f4 O-O 6. Nf3 Na6 7. Be2 e5 8. dxe5
dxe5 9. Nxe5 Qxd1+ 10. Bxd1 Re8 11. Bf3 Nxe4 12. Nxe4 f6 13. Nxf6+ Bxf6 14. O-O
Nb4 15. Bd2 Nc2 16. Rac1 Nd4 17. Bd5+ Kg7 18. Rfe1 c6 19. Be4 Bxe5 20. fxe5 Bg4
21. Bd3 Rad8 22. Bc3 c5 23. h3 Bxh3 24. Be4 Be6 25. Bxb7 Bxc4 26. Ba5 Rb8 27.
Rxc4 Rxb7 28. Bc3 Ne6 29. Rd1 Rbe7 30. Ra4 g5 31. Ra6 Nf4 32. Rd2 1/2-1/2

[Event "European Senior Team Chess Championship "]
[Site "Hotel AIRO Vienna, Kurbadstr. "]
[Date "2015.07.18"]
[Round "7"]
[White "Quinn, John M"]
[Black "Beltz, Robert"]
[Result "0-1"]
[WhiteElo "2127"]
[BlackElo "2160"]
[PlyCount "66"]
[EventDate "2015.07.12"]
[EventType "team"]
[EventRounds "9"]
[EventCountry "AUT"]
[WhiteTeam "England 1"]
[BlackTeam "Schachfreunde Leipzig"]

1. d4 d5 2. c4 c6 3. Nf3 Nf6 4. e3 e6 5. b3 Nbd7 6. Bb2 Bd6 7. Bd3 O-O 8. Nbd2
Re8 9. Ne5 c5 10. O-O b6 11. f4 Bb7 12. Qc2 Nf8 13. Rae1 Rc8 14. f5 Rc7 15.
fxe6 Nxe6 16. dxc5 Nxc5 17. Bxh7+ Nxh7 18. Nxf7 Bxh2+ 19. Kxh2 Rxf7 20. Qg6
Qc7+ 21. Kg1 Re6 22. Qg4 Rfe7 23. cxd5 Bxd5 24. Rc1 Rxe3 25. Qd4 Qd7 26. Nc4
Re2 27. Rf2 Rxf2 28. Kxf2 Qf5+ 29. Kg1 Qg5 30. Rc2 Nf6 31. Qf2 Nfe4 32. Qd4 Ng3
33. Qf2 Nd3 0-1

[Event "European Senior Team Chess Championship "]
[Site "Hotel AIRO Vienna, Kurbadstr. "]
[Date "2015.07.19"]
[Round "8"]
[White "Faibisovich, Vadim Z"]
[Black "Vasiukov, Evgeni"]
[Result "1-0"]
[WhiteElo "2347"]
[BlackElo "2401"]
[PlyCount "87"]
[EventDate "2015.07.12"]
[EventType "team"]
[EventRounds "9"]
[EventCountry "AUT"]
[WhiteTeam "Sankt Petersburg"]
[BlackTeam "Russia 1"]

1. e4 c5 2. Nf3 Nc6 3. Bb5 g6 4. Bxc6 bxc6 5. O-O Bg7 6. d4 cxd4 7. Nxd4 Ba6 8.
Re1 Nh6 9. Nc3 e5 10. Nf3 d6 11. b3 f6 12. Ba3 Nf7 13. Na4 Bb5 14. Nc3 Ba6 15.
Na4 O-O 16. c4 f5 17. Nc3 Qa5 18. Bb2 Rad8 19. Qd2 Rfe8 20. Rad1 Bb7 21. Qc2
Bc8 22. h3 Be6 23. a3 fxe4 24. Nxe4 d5 25. b4 Qb6 26. Neg5 Nxg5 27. Nxg5 Bc8
28. Qb3 Bb7 29. c5 Qc7 30. Ne4 Re7 31. Nd6 a5 32. Qg3 axb4 33. axb4 Rxd6 34.
cxd6 Qxd6 35. Bd4 Qf6 36. Rxe5 Rxe5 37. f4 Qe7 38. Bc5 Qc7 39. fxe5 Bxe5 40.
Qf2 Qf7 41. Qe3 Qf4 42. Qxf4 Bxf4 43. Ra1 Bb8 44. Re1 1-0

[Event "European Senior Team Chess Championship "]
[Site "Hotel AIRO Vienna, Kurbadstr. "]
[Date "2015.07.19"]
[Round "8"]
[White "Balashov, Yuri S"]
[Black "Mishuchkov, Nikolai M"]
[Result "1/2-1/2"]
[WhiteElo "2437"]
[BlackElo "2320"]
[PlyCount "38"]
[EventDate "2015.07.12"]
[EventType "team"]
[EventRounds "9"]
[EventCountry "AUT"]
[WhiteTeam "Russia 1"]
[BlackTeam "Sankt Petersburg"]

1. d4 Nf6 2. c4 e6 3. Nc3 Bb4 4. e3 Nc6 5. Nge2 d5 6. a3 Bd6 7. c5 Be7 8. b4 e5
9. Bb2 exd4 10. exd4 O-O 11. g3 Re8 12. Bg2 Bf8 13. O-O g6 14. Nf4 Ne7 15. Re1
c6 16. Nd3 Nf5 17. Rxe8 Nxe8 18. Ne5 Nc7 19. Qd3 Ne6 1/2-1/2